Understanding the cost of occupancy (Record no. 72994)

MARC details
000 -LEADER
fixed length control field 01460cam a2200241 4500
001 - CONTROL NUMBER
control field ABS66812
008 - FIXED-LENGTH DATA ELEMENTS--GENERAL INFORMATION
fixed length control field 030703n2003 000 0 eng u
035 ## - SYSTEM CONTROL NUMBER
System control number (Sirsi) u122913
100 ## - MAIN ENTRY--PERSONAL NAME
Personal name Hedley, C.
245 ## - TITLE STATEMENT
Title Understanding the cost of occupancy
260 ## - PUBLICATION, DISTRIBUTION, ETC.
Date of publication, distribution, etc. 2003
490 ## - SERIES STATEMENT
Series statement Facilities Management
Volume/sequential designation 10(8) May 2003, 1821(4)
520 ## - SUMMARY, ETC.
Summary, etc. Discusses issues relating to the management of occupancy costs. Questions where the big savings are to be made and argues that the useful ideas in this area come from a proper appreciation of the current cost structure. Looks at where costs are incurred in properties and gives typical ratios from office and banking estates. Also mentions the importance of the correct managing of space in offices; the OPD is seeing their clients manage space more effectively. In 1995, 14-15 sq m NIA per person was common, now 10-12 sq m or less is much more prevalent. Gives a breakdown of the components of total occupancy costs such as rent, rates, service charges and facilities management costs. Lastly includes some important points about the forthcoming debate on the subject including a plea to introduce a budget to permit cost reduction strategies to take place.
590 ## - LOCAL NOTE (RLIN)
Local note ABS
650 ## - SUBJECT ADDED ENTRY--TOPICAL TERM
Topical term or geographic name entry element OCCUPANCY COSTS
650 ## - SUBJECT ADDED ENTRY--TOPICAL TERM
Topical term or geographic name entry element COST REDUCTION
650 ## - SUBJECT ADDED ENTRY--TOPICAL TERM
Topical term or geographic name entry element SPACE UTILISATION
650 ## - SUBJECT ADDED ENTRY--TOPICAL TERM
Topical term or geographic name entry element SERVICE CHARGES
650 ## - SUBJECT ADDED ENTRY--TOPICAL TERM
Topical term or geographic name entry element RENTS
650 ## - SUBJECT ADDED ENTRY--TOPICAL TERM
Topical term or geographic name entry element RATES
690 ## - LOCAL SUBJECT ADDED ENTRY--TOPICAL TERM (OCLC, RLIN)
Topical term or geographic name as entry element MANAGEMENT-FACILITIES MANAGEMENT
942 ## - ADDED ENTRY ELEMENTS (KOHA)
Suppress in OPAC 0
Holdings
Withdrawn status Lost status Source of classification or shelving scheme Damaged status Not for loan Home library Current library Shelving location Date acquired Total Checkouts Full call number Barcode Date last seen Copy number Price effective from Koha item type
    Dewey Decimal Classification     London London Journal article 03/07/2003   ABS66812 122913-1001 06/08/2019 1 06/08/2019 Journal article